000 01284cam a2200253 a 4500
001 4975888
003 OSt
005 20230704131628.0
008 971231s1997 nyu i001 0 eng
010 _a 97229152
020 _a9211335221
040 _aDLC
_cDLC
_dDLC
082 0 0 _a341.7
_bUN
130 0 _aUnited Nations Convention on the Law of the Sea
_d(1982 December 10)
245 1 4 _aThe law of the sea :
_bofficial texts of the United Nations Convention on the Law of the Sea of 10 December 1982, and of the Agreement relating to the Implementation of Part XI of the United Nations Convention on the Law of the Sea of 10 December 1982, with index and excerpts from the final act of the Third United Nations Conference on the Law of the Sea /
_cDivision for Ocean Affairs and the Law of the Sea, Office of Legal Affairs.
260 _aNew York :
_bUnited Nations,
_c1997.
300 _aiii, 294 p. ;
_c23 cm.
500 _aUnited Nations publication sales no. E.97.V.10"--T.p. verso.
650 0 _aLaw of the sea.
730 0 _aUnited Nations Convention on the Law of the Sea
_d(1982 December 10).
_kProtocols, etc.
_d(1994 July 28)
906 _a7
_bcbc
_corignew
_d2
_encip
_f19
_gy-gencatlg
942 _2ddc
_cBK
999 _c3808
_d3808